Noem de landen met een A - Noem de hoofdstad - Statistieken

Algemene statistieken
  • Deze quiz is 15 keer genomen
  • De gemiddelde score is 13 van 18
Antwoordstatistieken
Hint Antwoord % Correct
Azerbeidzjan
92%
Land Afghanistan
85%
Albanië
85%
Algerije
85%
Australië
85%
Angola
77%
Argentinië
77%
Armenië
77%
Buenos Aires
77%
Canberra
77%
Tirana
77%
Algiers
69%
Andorra
69%
Bakoe
69%
Hoofdstad Kabul
69%
Andorra la Vella
62%
Jerevan
62%
Luanda
54%
Geen overeenkomende quizzen gevonden
Scoreverdeling
Procent van Mensen met Elke Score
Percentiel versus Aantal Correcte Antwoorden
Uw Scoregeschiedenis
U heeft deze quiz nog niet genomen